Manual del impuesto sobre actividades económicas / Joan Pagès i Galtés ; prólogo de J. J. Ferreiro Lapatza
ISBN:
84-7248-249-9
Descripción Física:
696 p. ; 24 cm
Colección:
Monografías jurídicas (Marcial Pons)
Otros Autores:
Ferreiro Lapatza, José Juan
MARC
| LEADER | 00000nam a2200000Ia 4500 | ||
|---|---|---|---|
| 001 | 17001 | ||
| 008 | 160829s1995 xx 000 0 cat d | ||
| 020 | |a 84-7248-249-9 | ||
| 080 | |a M-5-336 | ||
| 100 | 1 | |a Pagés i Galtés, Joan |9 1502 | |
| 245 | |a Manual del impuesto sobre actividades económicas / Joan Pagès i Galtés ; prólogo de J. J. Ferreiro Lapatza | ||
| 260 | |a Barcelona : |b Diputació de Barcelona ; Madrid : |b Marcial Pons, |c 1995 | ||
| 300 | |a 696 p. ; |c 24 cm | ||
| 490 | |a Monografías jurídicas (Marcial Pons) | ||
| 590 | |a Índex | ||
| 650 | |a Impostos sobre activitats econòmiques |x Legislació |x Espanya |9 27757 | ||
| 650 | |a Impostos sobre activitats econòmiques |x Espanya |9 22134 | ||
| 650 | 0 | |a Finances municipals |x Dret i legislació |x Espanya |9 30794 | |
| 700 | 1 | |a Ferreiro Lapatza, José Juan |e autor del pròleg |9 18049 | |
| 710 | 1 | |a Barcelona (Catalunya : Província). |b Diputació |9 52408 | |
| 901 | |a Arxiu | ||
| 942 | |n 1 |2 udc | ||
| 952 | |0 0 |1 0 |4 0 |6 M5336 |7 1 |9 44538 |a Arxiu |b Arxiu |d 2016-12-01 |l 0 |o M-5-336 |p 17001 |r 2016-12-01 00:00:00 |w 2016-12-01 |y ARXIU | ||
| 999 | |c 47119 |d 47119 | ||